| 000 | 00390nab a2200145Ia 4500 | ||
|---|---|---|---|
| 003 | ES-SlBCS | ||
| 005 | 20210601133400.0 | ||
| 008 | 140529s1954 xxu||||| |||| 00| 0 lat d | ||
| 041 | _alat | ||
| 100 | 1 |
_aWalz, Angelo _9133357 |
|
| 245 | 0 | 0 |
_aMater pater Augustine _c Angelo Walz |
| 600 | 0 | 4 |
_aAgustín, San _9126082 |
| 773 | 0 |
_tAngelicum _gvol. 31, 1954, págs. 213-231 _wRev26 |
|
| 942 | _cAR | ||
| 999 |
_c595398 _d595398 |
||